000 00690cab a2200229 4500
001 ABS49098
008 090401t1993 xxu||||| |||| 00| 0 eng d
035 _a(Sirsi) u69961
041 _aeng
100 _aMorris, A.
245 _aJCT80 upshot of Uppark House fire
260 _c1993
350 _a0
490 _aBuilding
_v258(7808) 27 August 1993, 24(1)
520 _aDiscusses "National Trust v Haden Young" (WB2914-10) which considered the employers undertaking to insure the existing building.
650 _aJCT MINOR WORKS
650 _aNEGLIGENCE
650 _aUPPARK HOUSE
690 _aBUILT ENVIRONMENT-BUILDING CONTRACT FORMS
942 _n0
948 _c04/03/1997
999 _c44003
_d44003